000 01772 am a2200481 a 4500
005 20240522104631.0
008 100323s1994||||ag ||||f |||| 000 0 spa d
020 _a9879961730
041 _aspa
092 _c616.3
_l49
_sLOV
100 1 _aLovesio, Carlos.
_9421
245 _aMedicina Intensiva.
_nVol.1 Gastroenterología y Hepatología /
_cCarlos Lovesio.
250 _a1a ed.
260 _aBuenos Aires:
_bDoyma;
_c1994.
300 _a331 p.
_eApéndice fotográfico
500 _aLovesio, C. (1994). Medicina Intensiva. Vol.1 Gastroenterología y Hepatología. (1a ed.). Buenos Aires : Doyma.
653 _aPatología esofágica crítica
653 _aHemorragia digestiva alta grave
653 _aHemorragia digestiva por ruptura de várices esofágicas
653 _aIntestino del paciente crítico
653 _aDolor abdominal agudo
653 _aIsquemia mesentérica aguda
653 _aColitis pseudomembranosa
653 _aPseudoobstrucción aguda del colon
653 _aMegacolon tóxico
653 _aHemorragia digestiva baja masiva
653 _aManifestaciones gastroenterológicas en las enfermedades del tejido conectivo
653 _aPeritonitis aguda
653 _aAbscesos abdominales
653 _aPancreatitis aguda
653 _aEncefalopatía hepática
653 _aInsuficiencia hepática aguda
653 _aSíndrome hepatorenal
653 _aPeritonitis bacteriana espontánea
653 _aPatología hepática crítica durante el embarazo
653 _aSíndrome de Budd-Chiari
653 _aPatología hepática en el paciente crítico
653 _aColecistitis alitiásica
653 _aTransplante hepático
653 _aTraumatismos de abdomen
930 _a1947
942 _2ddc
_cBK
999 _c175
_d175